Psychological Testing and Assessment (Record no. 221274)
[ view plain ]
| 000 -LEADER | |
|---|---|
| fixed length control field | 00724nam a22002177a 4500 |
| 005 - DATE AND TIME OF LATEST TRANSACTION | |
| control field | 20220120151916.0 |
| 008 - FIXED-LENGTH DATA ELEMENTS--GENERAL INFORMATION | |
| fixed length control field | 220120b ||||| |||| 00| 0 eng d |
| 020 ## - INTERNATIONAL STANDARD BOOK NUMBER | |
| International Standard Book Number | 9789814577014 |
| 040 ## - CATALOGING SOURCE | |
| Transcribing agency | AL |
| 041 ## - LANGUAGE CODE | |
| Language code of text/sound track or separate title | eng |
| 082 ## - DEWEY DECIMAL CLASSIFICATION NUMBER | |
| Edition number | 23 |
| Classification number | 150.028 |
| Item number | COHP |
| 100 ## - MAIN ENTRY--PERSONAL NAME | |
| Personal name | Ronald Jay Cohen |
| 9 (RLIN) | 14050 |
| 245 ## - TITLE STATEMENT | |
| Title | Psychological Testing and Assessment |
| Remainder of title | Introduction to tests and measurement |
| 250 ## - EDITION STATEMENT | |
| Edition statement | 2nd ed. |
| 260 ## - PUBLICATION, DISTRIBUTION, ETC. | |
| Place of publication, distribution, etc. | New York |
| Name of publisher, distributor, etc. | McGraw Hill Education |
| Date of publication, distribution, etc. | 2013 |
| 300 ## - PHYSICAL DESCRIPTION | |
| Extent | xxv,612p.R70,C2,N9,I30 |
| Other physical details | PB |
| Dimensions | 24.8X19.3cm. |
| 365 ## - TRADE PRICE | |
| Source of price type code | General |
| Price type code | ABDI/0524/22 |
| Price amount | £41.242 |
| Currency code | £ |
| Unit of pricing | £54.99 |
| Price note | 25% |
| Price effective from | 07-01-2022 |
| 650 ## - SUBJECT ADDED ENTRY--TOPICAL TERM | |
| Source of heading or term | Psychology |
| Topical term or geographic name entry element | Corporate Psychology |
| 9 (RLIN) | 14051 |
| 700 ## - ADDED ENTRY--PERSONAL NAME | |
| Personal name | Swerdlik Mark E |
| Dates associated with a name | Sturman Edward D |
| 9 (RLIN) | 14052 |
| 942 ## - ADDED ENTRY ELEMENTS (KOHA) | |
| Source of classification or shelving scheme | Dewey Decimal Classification |
| Koha item type | Book |
| Withdrawn status | Lost status | Source of classification or shelving scheme | Damaged status | Not for loan | Collection code | Home library | Current library | Date acquired | Source of acquisition | Cost, normal purchase price | Total Checkouts | Total Renewals | Full call number | Barcode | Date last seen | Date last checked out | Cost, replacement price | Price effective from | Koha item type |
|---|---|---|---|---|---|---|---|---|---|---|---|---|---|---|---|---|---|---|---|
| Dewey Decimal Classification | Corporate Psychology | St Aloysius PG Library | St Aloysius PG Library | 01/20/2022 | Academic Book Distributors | 4318.08 | 4 | 2 | 150.028 COHP | PG023563 | 09/17/2025 | 09/13/2025 | 5757.45 | 01/20/2022 | Book |